000 00362cam a22001217a 4500
008 180718b xxu||||| |||| 00| 0 eng d
082 _aLx5451 G646
100 _aGopalakrishnayya, Vavilala
245 _aAndhra Pradesh Finances
_cby Vavilala Gopalakrishnayya
260 _aHyderabad
_bAmaravati Press
_c
300 _a32p.
650 _aFinances - India - Andhra Pradesh
999 _c502226
_d502226